Basic statistics : tales of distributions (Record no. 27590)

MARC details
000 -LEADER
fixed length control field 00460nam a2200193Ia 4500
020 ## - INTERNATIONAL STANDARD BOOK NUMBER
ISBN 0534343651
050 ## - CALL MARK
Classification number QA 276.12 .S66/
100 ## - STATEMENT OF RESPONSIBILITY--MAIN AUTHOR NAME
Personal name Spatz, Chris
245 #0 - TITLE STATEMENT
Title Basic statistics : tales of distributions
250 ## - EDITION / VOLUME STATEMENT
Edition / Volume statement 6th ed.
260 ## - PUBLICATION, DISTRIBUTION, ETC. (IMPRINT)
Place of publication Pacific Grove
260 ## - PUBLICATION, DISTRIBUTION, ETC. (IMPRINT)
Name of publisher Brooks/Cole Pub.
260 ## - PUBLICATION, DISTRIBUTION, ETC. (IMPRINT)
Year of publication 1997
300 ## - PHYSICAL DESCRIPTION
Number of Pages 134 p
650 ## - SUBJECT ADDED ENTRY--TOPICAL TERM
Topical Term Statistics
942 ## - ADDED ENTRY ELEMENTS (KOHA)
Koha item type Books
Holdings
Withdrawn status Lost status Source of classification or shelving scheme Damaged status Not for loan Permanent Location Current Location Date acquired Accession Number Price effective from Koha item type
    Library of Congress Classification     NILE UNIVERSITY OF NIGERIA - MAIN LIBRARY NILE UNIVERSITY OF NIGERIA - MAIN LIBRARY 04/23/2025 0010499 04/23/2025 Books